[Event "COL-ch U18"]
[Site "Medellin"]
[Date "2022.06.05"]
[Round "9"]
[White "Palomeque Parra, Yuvinson"]
[Black "Bermudez, Tomas Alejandro"]
[Result "1/2-1/2"]
[WhiteElo "1522"]
[BlackElo "1421"]
[PlyCount "20"]
[EventDate "2022.06.01"]
[EventType "swiss"]
[EventRounds "9"]
[EventCountry "COL"]
[SourceTitle "CBM 208 Extra"]
[Source "ChessBase"]
[SourceDate "2022.07.31"]
[SourceVersion "1"]
[SourceVersionDate "2022.07.31"]
[SourceQuality "1"]

1. e4 c5 2. Nf3 d6 3. d4 cxd4 4. Nxd4 Nf6 5. Nc3 g6 6. Bc4 Bg7 7. Nde2 Nc6 8. 0-0 0-0 9. Ng3 Qb6 10. Bb3 Ng4 1/2-1/2

[Event "Medellin Easter op 10th"]
[Site "Medellin"]
[Date "2022.04.13"]
[Round "1"]
[White "Toro Castaneda, Elizabeth"]
[Black "Bermudez, Tomas Alejandro"]
[Result "1-0"]
[WhiteElo "1908"]
[BlackElo "1545"]
[PlyCount "23"]
[EventDate "2022.04.13"]
[EventType "swiss"]
[EventRounds "8"]
[EventCountry "COL"]
[SourceTitle "CBM 207 Extra"]
[Source "ChessBase"]
[SourceDate "2022.05.31"]
[SourceVersion "1"]
[SourceVersionDate "2022.05.31"]
[SourceQuality "1"]

1. e4 e5 2. Nf3 Nc6 3. Nc3 Bc5 4. Nxe5 Nxe5 5. d4 Bxd4 6. Qxd4 Qf6 7. Be3 Nc6 8. Qxf6 Nxf6 9. Bg5 d6 10. Bxf6 gxf6 11. Nd5 Kd8 12. Nxf6 1-0